000 01023nam a22003257a 4500
001 BR0805678
003 BR-BrBNA
005 20230928102710.0
007 ta
008 230509b bl.||||| |||| 00| 0 por d
040 _aBR-BrBNA
_bpor
_cBiblioteca Nacional de Agricultura
041 _a(Por)
072 _aL73; E16
_b5214
_b4110
090 _ 5214 BR0805678
100 1 _aLôbo, J.R.
110 1 _aUniversidade de Brasília, DF (Brasil). Faculdade de Agronomia e Medicina Veterinária
_0Tese (Mestre em Agronegócios)
245 1 _aAnálise custo-benefício da certificação de propriedades livres de tuberculose bovina
260 3 _aBrasília, DF (Brasil):
_c2008.
300 _a84 p.
500 _aBibliography p. 79-84; 5 illus.; 15 tables
650 _aGADO LEITEIRO
650 _aPROPRIEDADE RURAL
650 _aZOONOSE
650 _aTUBERCULOSE
650 _aCUSTO-BENEFÍCIO
650 _aERRADICAÇÃO
650 _aIMPACTO ECONÔMICO
909 _a202309
_bLucia
_c55
_dLucia Elande
942 _cBK
999 _c72095
_d72095